100k US Cities By Proximity On An Empty Map - Statistics

General Stats
  • This quiz has been taken 18,408 times
  • The average score is 254 of 317
Answers on the Map
Answers color-coded by a green-red scale on the quiz's map according to % correct below.
 
Answer Stats
Population State Answers % Correct
122,105 CT Hartford
98%
121,442 PA Allentown
97%
350,365 CA Anaheim
97%
111,502 CA Antioch
97%
121,363 CA Berkeley
97%
144,399 CT Bridgeport
97%
115,382 CA Carlsbad
97%
129,295 CA Concord
97%
169,868 CA Corona
97%
113,003 CA Costa Mesa
97%
106,280 CA Daly City
97%
129,216 NJ Elizabeth
97%
174,775 CA Elk Grove
97%
151,625 CA Escondido
97%
117,133 CA Fairfield
97%
214,547 CA Fontana
97%
241,110 CA Fremont
97%
138,632 CA Fullerton
97%
171,644 CA Garden Grove
97%
159,203 CA Hayward
97%
199,223 CA Huntington Beach
97%
287,401 CA Irvine
97%
262,075 NJ Jersey City
97%
109,527 CA Jurupa Valley
97%
106,300 NJ Lakewood Township
97%
462,628 CA Long Beach
97%
215,030 CA Modesto
97%
213,055 CA Moreno Valley
97%
116,223 CA Murrieta
97%
282,011 NJ Newark
97%
130,250 CT New Haven
97%
8,336,817 NY New York City
97%
103,949 CT Norwalk
97%
433,031 CA Oakland
97%
175,742 CA Oceanside
97%
185,010 CA Ontario
97%
138,669 CA Orange
97%
145,233 NJ Paterson
97%
1,584,064 PA Philadelphia
97%
151,691 CA Pomona
97%
177,603 CA Rancho Cucamonga
97%
103,526 CA Rialto
97%
110,567 CA Richmond
97%
331,360 CA Riverside
97%
141,500 CA Roseville
97%
513,624 CA Sacramento
97%
215,784 CA San Bernardino
97%
881,549 CA San Francisco
97%
1,021,795 CA San Jose
97%
104,430 CA San Mateo
97%
332,318 CA Santa Ana
97%
130,365 CA Santa Clara
97%
176,753 CA Santa Rosa
97%
312,697 CA Stockton
97%
152,703 CA Sunnyvale
97%
114,761 CA Temecula
97%
100,670 CA Vacaville
97%
121,692 CA Vallejo
97%
101,638 CA Vista
97%
107,568 CT Waterbury
97%
100,145 NJ Woodbridge Township
97%
200,370 NY Yonkers
97%
117,911 TX College Station
96%
141,541 TX Denton
96%
110,849 IL Elgin
96%
590,157 WI Milwaukee
96%
145,609 IL Rockford
96%
212,979 CA Santa Clarita
96%
105,623 TX Allen
95%
398,854 TX Arlington
95%
197,757 IL Aurora
95%
102,511 CA Burbank
95%
139,248 TX Carrollton
95%
2,693,976 IL Chicago
95%
1,343,573 TX Dallas
95%
909,585 TX Fort Worth
95%
200,490 TX Frisco
95%
239,928 TX Garland
95%
199,303 CA Glendale
95%
194,543 TX Grand Prairie
95%
239,798 TX Irving
95%
109,212 TX Lewisville
95%
199,177 TX McKinney
95%
140,937 TX Mesquite
95%
148,449 IL Naperville
95%
208,881 CA Oxnard
95%
155,079 CA Palmdale
95%
141,029 CA Pasadena
95%
287,677 TX Plano
95%
121,323 TX Richardson
95%
155,465 CA Salinas
95%
125,613 CA Simi Valley
95%
129,638 CT Stamford
95%
126,813 CA Thousand Oaks
95%
109,106 CA Ventura
95%
139,236 TX Waco
95%
148,164 WA Bellevue
94%
261,165 AZ Chandler
94%
195,769 GA Columbus
94%
133,759 FL Coral Springs
94%
106,306 FL Davie
94%
111,126 CA Downey
94%
115,487 CA El Monte
94%
111,475 WA Everett
94%
182,437 FL Fort Lauderdale
94%
254,114 AZ Gilbert
94%
233,339 FL Hialeah
94%
154,817 FL Hollywood
94%
108,151 CA Inglewood
94%
132,319 WA Kent
94%
3,979,576 CA Los Angeles
94%
518,012 AZ Mesa
94%
467,963 FL Miami
94%
110,001 FL Miami Gardens
94%
141,191 FL Miramar
94%
173,591 FL Pembroke Pines
94%
112,118 FL Pompano Beach
94%
101,751 WA Renton
94%
753,675 WA Seattle
94%
118,488 TX Sugar Land
94%
217,827 WA Tacoma
94%
143,592 CA Torrance
94%
106,985 TX Tyler
94%
122,385 CA Victorville
94%
105,101 CA West Covina
94%
111,955 FL West Palm Beach
94%
506,811 GA Atlanta
93%
692,600 MA Boston
93%
118,927 MA Cambridge
93%
110,997 MA Lowell
93%
153,159 GA Macon
93%
179,883 RI Providence
93%
153,606 MA Springfield
93%
185,428 MA Worcester
93%
121,272 CO Arvada
92%
379,289 CO Aurora
92%
105,673 CO Boulder
92%
110,937 CO Centennial
92%
478,221 CO Colorado Springs
92%
727,211 CO Denver
92%
670,031 MI Detroit
92%
170,243 CO Fort Collins
92%
252,381 AZ Glendale
92%
108,649 CO Greeley
92%
157,935 CO Lakewood
92%
175,961 AZ Mesa
92%
1,680,992 AZ Phoenix
92%
258,069 AZ Scottsdale
92%
102,026 IN South Bend
92%
141,664 AZ Surprise
92%
195,805 AZ Tempe
92%
141,464 CO Thornton
92%
272,779 OH Toledo
92%
133,943 MI Warren
92%
113,166 CO Westminster
92%
978,908 TX Austin
91%
381,009 OH Cleveland
91%
109,381 OR Gresham
91%
109,128 OR Hillsboro
91%
654,741 OR Portland
91%
133,372 TX Round Rock
91%
174,365 OR Salem
91%
184,463 WA Vancouver
91%
116,825 TX Beaumont
90%
320,189 NV Henderson
90%
2,320,268 TX Houston
90%
651,319 NV Las Vegas
90%
107,536 TX League City
90%
251,974 NV North Las Vegas
90%
151,227 TX Pasadena
90%
122,460 TX Pearland
90%
1,547,253 TX San Antonio
90%
593,490 MD Baltimore
89%
147,344 IL Joliet
89%
157,601 PA Lancaster
89%
230,436 VA Richmond
89%
159,428 VA Alexandria
88%
303,940 OH Cincinnati
88%
296,710 NC Greensboro
88%
112,791 NC High Point
88%
705,749 DC Washington DC
88%
116,946 FL Clearwater
87%
133,997 FL Gainesville
87%
112,136 FL Lakeland
87%
112,673 NH Manchester
87%
429,606 MN Minneapolis
87%
287,442 FL Orlando
87%
118,935 MN Rochester
87%
308,096 MN St. Paul
87%
265,351 FL St. Petersburg
87%
399,700 FL Tampa
87%
247,945 NC Winston-Salem
87%
118,210 MI Lansing
86%
182,799 TN Chattanooga
85%
200,574 AL Huntsville
85%
119,980 MI Ann Arbor
84%
116,672 MO Independence
84%
495,327 MO Kansas City
84%
152,960 KS Kansas City
84%
140,545 KS Olathe
84%
195,494 KS Overland Park
84%
116,618 UT Provo
84%
200,567 UT Salt Lake City
84%
132,438 MI Sterling Heights
84%
125,310 KS Topeka
84%
116,480 UT West Jordan
84%
135,248 UT West Valley City
84%
126,913 GA Athens
83%
655,057 OK Oklahoma City
83%
401,190 OK Tulsa
83%
197,597 OH Akron
82%
220,236 LA Baton Rouge
82%
885,708 NC Charlotte
82%
160,628 MS Jackson
81%
198,525 AL Montgomery
81%
390,144 LA New Orleans
81%
109,452 GA Sandy Springs
81%
114,230 IL Springfield
81%
300,576 MO St. Louis
81%
103,301 CA Chico
80%
876,384 IN Indianapolis
80%
146,900 TN Murfreesboro
80%
670,820 TN Nashville
80%
131,674 SC Columbia
79%
158,146 TN Clarksville
78%
140,407 OH Dayton
78%
681,728 TX El Paso
78%
151,666 TX Killeen
78%
103,432 NM Las Cruces
78%
228,959 ID Boise
76%
114,161 ID Meridian
76%
323,152 KY Lexington
75%
617,638 KY Louisville
75%
124,880 OK Norman
75%
170,282 NC Cary
74%
278,993 NC Durham
74%
474,069 NC Raleigh
74%
205,695 NY Rochester
73%
1,423,851 CA San Diego
72%
560,513 NM Albuquerque
71%
255,284 NY Buffalo
71%
102,708 CA El Cajon
71%
911,507 FL Jacksonville
71%
289,102 NE Lincoln
71%
478,192 NE Omaha
71%
300,286 PA Pittsburgh
71%
194,495 FL Cape Coral
70%
274,492 CA Chula Vista
70%
259,680 WI Madison
69%
651,073 TN Memphis
69%
898,553 OH Columbus
68%
115,552 FL Palm Bay
67%
211,657 NC Fayetteville
66%
345,064 HI Honolulu
66%
115,382 SC North Charleston
66%
101,068 IN Carmel
65%
244,835 VA Chesapeake
65%
134,510 VA Hampton
65%
179,225 VA Newport News
65%
242,742 VA Norfolk
65%
449,974 VA Virginia Beach
65%
100,471 IN Clinton
63%
288,000 AK Anchorage
61%
197,312 AR Little Rock
61%
255,601 NV Reno
60%
105,006 NV Sparks
60%
214,237 IA Des Moines
59%
137,566 SC Charleston
58%
144,464 GA Savannah
58%
548,073 AZ Tucson
57%
209,403 AL Birmingham
55%
101,129 AL Tuscaloosa
53%
134,605 CA Visalia
53%
117,979 IN Evansville
50%
197,888 GA Augusta
48%
114,584 CA Clovis
46%
531,576 CA Fresno
46%
172,622 OR Eugene
44%
142,327 NY Syracuse
44%
110,198 OK Broken Arrow
42%
104,683 TX Wichita Falls
42%
194,500 FL Tallahassee
41%
389,938 KS Wichita
41%
124,662 ND Fargo
40%
384,145 CA Bakersfield
39%
222,081 WA Spokane
38%
101,060 WA Spokane Valley
38%
109,577 MT Billings
37%
201,013 MI Grand Rapids
37%
126,185 LA Lafayette
36%
183,793 SD Sioux Falls
36%
167,882 MO Springfield
36%
199,371 TX Amarillo
35%
107,263 CA Santa Maria
34%
188,720 AL Mobile
33%
258,862 TX Lubbock
32%
182,781 TX Brownsville
31%
123,195 MO Columbia
31%
101,170 TX Edinburg
31%
143,268 TX McAllen
31%
187,603 TN Knoxville
30%
112,361 CO Pueblo
29%
326,586 TX Corpus Christi
28%
100,421 OR Bend
27%
104,578 WI Green Bay
26%
270,402 IN Fort Wayne
23%
262,491 TX Laredo
23%
187,112 LA Shreveport
22%
123,744 NC Wilmington
21%
101,590 IA Davenport
20%
146,038 TX Midland
20%
123,334 TX Odessa
20%
133,562 IA Cedar Rapids
16%
123,420 TX Abilene
13%
101,004 TX San Angelo
13%
110,417 IL Peoria
12%
201,846 FL Port St. Lucie
10%
No matching quizzes found
Score Distribution
Percent of People with Each Score
Percentile by Number Answered
Your Score History
You have not taken this quiz